000 00899nas a2200265 4500
001 BR8200545
003 BR-BrBNA
005 20231205085010.0
007 ta
008 230509b bl.|||p| |||| 00| 00por d
040 _aBR-BrBNA
_bpor
_cBiblioteca Nacional de Agricultura
041 _a(Pt)
072 _aH10; L40
100 1 _aGoncalves, I. de S.
245 1 _aAnatomia do tubo digestivo de Pseudaletia sequax Franclemont, 1951 (Lepidoptera, Noctuidae)
246 1 _a[Anatomy of the alimentary tract of Pseudaletia sequax Franclemont, 1951 (Lepidoptera, Noctuidae)]
650 _aPraga de planta
650 _aEstrutura animal
650 _aLepidoptero
650 _aAparelho digestivo
650 _aBiologia
773 0 _tRevista Brasileira de Entomologia (Brazil)
_x
_g(Jul 1981), v. 25(2) p. 113-121
_wBR8200545
909 _a202311
_bLúcia
_c55
_dLúcia Elande
942 _2AGRIS
_n0
_cANA
999 _c108603
_d108603